00525nam a2200181Ia 4500003000900000008004100009020001800050040001600068080001600084245008500100260003600185300001400221650001700235650001500252650001800267700003400285700002400319IN-BaIIA211028s9999 xx 000 0 eng d a3-540-42101-7 cIIA Library a523.07bAST 0aAstrobiologybthe quest for the conditions of lifecedited by Gerda Horneck and  aNew YorkbSpringer-Verlagc2002 axv, 411p. aAstrobiology aExobiology aLife - origin aBaumstark-Khan, Christa., ed. aHorneck, Gerda, ed.